| 000 | 00401nam a2200157Ia 4500 | ||
|---|---|---|---|
| 008 | 230917s9999||||xx |||||||||||||| ||und|| | ||
| 040 |
_e175409 _aMAIN |
||
| 041 | _aEnglish | ||
| 082 | _a005.133 L134O(4) | ||
| 100 | _aLafore, Robert | ||
| 245 | 0 | _aObject-oriented programming in C++ | |
| 250 | _a4th ed. | ||
| 260 |
_aNew Delhi _bPearson Education _c2002 |
||
| 300 | _axix, 1012 p. | ||
| 942 | _cBK | ||
| 999 |
_c156578 _d156578 |
||